| 000 | 012280000a22002050004500 | ||
|---|---|---|---|
| 020 | _a0-8254-1919-0 | ||
| 082 | 0 | 4 | _aG 253 W8321p |
| 100 | 1 | _aWittig, Randall M. | |
| 245 | 1 | 0 | _aPisadas firmes : reflexiones sobre vida y ministerio en Latinoamérica / Randall M. Wittig |
| 260 | _aSan José, Costa Rica : Desarrollo Cristiano Internacional | ||
| 300 | _a173 p. | ||
| 501 | _aRústico | ||
| 505 | 0 | 0 | _aHombres de los cuales el mundo no es digno -- la fragilidad de la espiritualidad -- la autoridad y los juegos de los hombres -- el culto al éxito -- entrarán los lobos rapaces... y de nosotros mismos -- arrogancia peligrosa -- más poderosa que la bomba atómica y el sexo; el abandono pastoral; todo lleva su tiempo; el proceso de cambio no sólo ocurre en mí -- la belleza es la caligrafía de Dios -- con la gente, en su situación -- paraeclesiásticas, proeclesiásticas y la paranoia -- la guerra -- Por la ambición, el diablo se hizo diablo. |
| 650 | 1 | 4 | _aVIDA CRISTIANA \ VIDA CRISTIANA - AMERICA LATINA \ IGLESIA Y PROBLEMAS SOCIALES \ MINISTERIO CRISTIANO |
| 001 | 18306 | ||
| 942 | _cBK | ||
| 999 |
_c44757 _d44757 |
||
| 336 |
_atexto _btxt _2rdacontent |
||
| 337 |
_2rdamedia _asin mediación _bn |
||
| 338 |
_2rdacarrier _avolumen _bnc |
||